| 000 | 00791cab a2200265 4500 | ||
|---|---|---|---|
| 001 | WB3415-75 | ||
| 008 | 090401t1998 xxu||||| |||| 00| 0 eng d | ||
| 035 | _a(Sirsi) u85716 | ||
| 041 | _aeng | ||
| 245 | _aEnd to tax havens | ||
| 260 | _c1998 | ||
| 350 | _a0 | ||
| 490 |
_aEstates Gazette _v(9816) 18 April 1998, 30(1) |
||
| 520 | _aInvestment in UK real estate by foreign companies will be detered, if the EU abolishes ofshore tax havens in order to harmonise tax levels throuhgout Europe, warns Ernst & Young. | ||
| 650 | _aCHANNEL ISLANDS | ||
| 650 | _aEU | ||
| 650 | _aFOREIGN INVESTMENT | ||
| 650 | _aOFFSHORE TAX HAVENS | ||
| 650 | _aREAL ESTATE | ||
| 650 | _aTAX HARMONISATION | ||
| 650 | _aTAX HAVENS | ||
| 690 | _aTAXATION | ||
| 942 | _n0 | ||
| 948 | _c21/04/1998 | ||
| 999 |
_c53920 _d53920 |
||